| 000 | 00742nam a2200217Ia 4500 | ||
|---|---|---|---|
| 999 |
_c3310 _d3310 |
||
| 003 | OSt | ||
| 005 | 20200424120348.0 | ||
| 008 | 191128t2008 ck a br 000 j spa d | ||
| 040 |
_aCO-JMCR _cCO-JMCR |
||
| 041 | 0 | _aspa | |
| 082 | 0 | 4 |
_aC / _bKASu |
| 100 | 1 |
_aKasza, Keiko, _eautor _93534 |
|
| 245 | 1 | 0 |
_aUna cena elegante / _cKeiko Kasza |
| 260 |
_aBogotá : _bNorma, _c©2008 |
||
| 300 |
_a[30] páginas sin numerar : _bilustraciones a color ; _c28 cm. |
||
| 490 | 0 | _aBuenas noches | |
| 500 | _aRecomendado para niños mayores de 2 años. | ||
| 520 | _aTejón mira las manzanas, las raíces y los gusanos almacenador en su guarida, pero se muere por una cena más sofisticada. | ||
| 650 |
_aCuentos infantiles _93537 |
||
| 942 |
_2ddc _cBK |
||